Introduction to Econometrics: Principles and Applications (Record no. 43330)

MARC details
000 -LEADER
fixed length control field 00572nam a22002177a 4500
005 - DATE AND TIME OF LATEST TRANSACTION
control field 20250307145254.0
007 - PHYSICAL DESCRIPTION FIXED FIELD--GENERAL INFORMATION
fixed length control field 454 Pages
008 - FIXED-LENGTH DATA ELEMENTS--GENERAL INFORMATION
fixed length control field 250307b |||||||| |||| 00| 0 eng d
020 ## - INTERNATIONAL STANDARD BOOK NUMBER
International Standard Book Number 9788120417199
041 ## - LANGUAGE CODE
Language code of text/sound track or separate title english
082 ## - DEWEY DECIMAL CLASSIFICATION NUMBER
Classification number 330.015195 MAD
Item number 33917
100 ## - MAIN ENTRY--PERSONAL NAME
Author Madnani GMK
110 ## - MAIN ENTRY--CORPORATE NAME
Corporate name or jurisdiction name as entry element Dr. Asif khan
245 ## - TITLE STATEMENT
Title Introduction to Econometrics: Principles and Applications
250 ## - EDITION STATEMENT
Edition statement 8th Edition
260 ## - PUBLICATION, DISTRIBUTION, ETC.
Place Delhi
Publisher CBS Publishers & Distributors
Publication Year 2022
300 ## - PHYSICAL DESCRIPTION
Extent 454 Pages
365 ## - TRADE PRICE
Price type code Rs
Price amount 434
650 ## - SUBJECT ADDED ENTRY--TOPICAL TERM
Subject Economics
942 ## - ADDED ENTRY ELEMENTS (KOHA)
Koha item type Books
Holdings
Withdrawn status Lost status Source of classification or shelving scheme Damaged status Not for loan Home library Current library Shelving location Accession Date Vendor Price Bill number Total Checkouts Full call number Barcode No Date due Date last seen Date last checked out Bill Date Koha item type
    Library of Congress Classification     IMTN IMTN Rack 3-B 03/07/2025 Amazon 434.00 EKME-36204 1 330.015195 MAD 33917 09/03/2025 03/07/2025 03/07/2025   Books
Designed & Maintained by: LRC IMT Nagpur Contact: lrc@imtnag.ac.in© 2024. All Rights Reserved.